000
00307nam a22001217a 4500
040
_c
SCME
100
_a
David R.Gaskell
_9
54515
245
_a
An introduction to transport phenomena in materials engineering
250
_a
2nd.
260
_a
New Jersy
_b
Momentum press
300
_a
660p.
942
_2
ddc
_c
BK
999
_c
590195
_d
590195